000 00584nam a22001817a 4500
003 NUST-PNEC
005 20170116180714.0
008 141016b xxu||||| |||| 00| 0 eng d
020 _a071725321X
040 _cPNEC
082 _a423 WEB
100 _9649
_aWebsters
245 _aGrolier New Websters Dictionary Vol-2
_bWebsters
250 _aVol - 2
260 _aDanbury, CT :
_bGrolier Inc,
_cc. 1992
500 _ahttp://www.amazon.com/Grolier-New-Websters-Dictionary-2VOL/dp/071725321X/ref=sr_1_1?s=books&ie=UTF8&qid=1413444173&sr=1-1&keywords=071725321X
942 _2ddc
_cBK
999 _c61095
_d61095